000 01380nam a2200349Ia 4500
001 Z_6962
003 CHAP
005 20230421111445.0
008 220113s2016 xx 000 0 und d
010 _a170220
040 _cCHAP
090 _aTesis S263 2559
100 _aSantana Garduño, Erick Víctor Hugo
_9131791
245 _aComposición botánica de la dieta de cabras mediante la técnica microhistológica en agostaderos de Tehuacán, Puebla /
_cErick Víctor Hugo Santana Garduño
260 _aMéxico :
_bEl autor,
_c2016
300 _a71 p.
502 _aTesis (Ingeniero Agrónomo Especialista en Zootecnia) -- UACh, 2016 \ Dirección: Jorge Luis Castrellón Montelongo; asesoría: Antonia González Embarcadero y José Luis Zaragoza Ramírez
650 _aCabras
_9137331
650 _aComposición botánica
_9127485
650 _aGanado caprino
_9143189
650 _aReserva de la biosfera Tehuacán
_xCuicatlán
_9146418
650 _aTécnica Microhistológica
_9146419
700 _a González Embarcadero, Antonia, asesor
_9137924
700 _a Zaragoza Ramírez, José Luis, asesor
_9143236
700 _aCastrellón Montelongo, Jorge Luis, director
_9143205
856 4 2 _uhttp://10.13.5.2/tesis/sist113027.pdf
_yDescargar PDF
901 _aTESIS S263 2559
902 _aM
910 _a2016
942 _c2
_2ddc
942 _c2
_2ddc
999 _c170220
_d170220